000 00450nam a2200181Ia 4500
003 GCL
008 140319s9999 xx 000 0 eng d
040 _aGCL /
_cGCL
082 0 4 _a780.962
_bL M
100 1 _aLAGRANGE, FREDERIC
245 1 0 _aMUSIQUES D'EGYPTE /
_cLAGRANGE, FREDERIC
260 _a[S.N] :
_bCITE DE LA MUSUIQUE\ACTES SUD ،
_c1996
300 _a174 P
650 0 4 _aEGYPT
650 0 4 _aARTS
650 0 4 _aMUSIC
942 _2ddc
_cBK
999 _c15520
_d15520